000
00293cam a2200145ua 4500
001
1649
008
120417n II |||gr||||Z||||||eng
040
_a
MAIN
041
_a
English
082
_a
355.54 DAS
100
_a
DAS , S.T.
245
_a
INDIAN MILITARY
300
_c
20CM.
942
_c
BK
999
_c
1647
_d
1647